London Underground Stroop Test - expanded - Statistics

General Stats
  • This quiz has been taken 204 times
  • The average score is 13 of 16
Answer Stats
Hint Answer % Correct
Central Piccadilly
95%
DLR District
92%
Bakerloo Hammersmith & City
92%
Circle DLR
87%
Piccadilly Northern
85%
Northern Victoria
84%
Overground Jubilee
83%
District Waterloo & City
83%
Metropolitan Circle
82%
Hammersmith & City Metropolitan
82%
Emirates Air Line cable car Bakerloo
79%
TfL Rail Overground
72%
Waterloo & City Central
67%
Victoria Tramlink
67%
Tramlink Emirates Air Line cable car
61%
Jubilee TfL Rail
61%
No matching quizzes found
Score Distribution
Percent of People with Each Score
Percentile by Number Answered
Your Score History
You have not taken this quiz